00703nam a2200181Ia 4500008004100000020001800041041000800059082001600067100002600083245008000109260002500189300000800214365001700222700003800239906005300277999001900330952017200349230718s9999 xx 000 0 und d a9789352139217 aeng a005.82bLAK aLakshmanan V.9200994 aGoogle BigQuerybData Warehousing ,Analytics, And Machine Learning At Scale c2019bSPD / O'reilly a475 cRs.b1750.00 aLakshmanan V. & Tigani J.9201919 dO:0686209-Jan-2020B:560304-Jan-2020cCOMPb437.5 c350772d350772 00104070aCCEPbCCEPd2020-01-09eTechnical Book ServicesfCOMPg1312.50i5603l0o005.82pCCEP-BK-61979r2023-07-18 00:00:00t437.5v1750.00w2020-01-04yBKz061979